| 000 | 01386nam a2200325Ia 4500 | ||
|---|---|---|---|
| 001 | ebr10448372 | ||
| 003 | CaPaEBR | ||
| 006 | m u | ||
| 007 | cr cn||||||||| | ||
| 008 | 100811s2008 enka sb 001 0 eng d | ||
| 020 | _z9781847195180 | ||
| 040 |
_aCaPaEBR _cCaPaEBR |
||
| 035 | _a(OCoLC)654807241 | ||
| 050 | 1 | 4 |
_aTK5105.5 _b.K63 2008eb |
| 100 | 1 | _aKocjan, Wojciech. | |
| 245 | 1 | 0 |
_aLearning Nagios 3.0 _h[electronic resource] : _ba detailed tutorial to setting up, configuring, and managing this easy and effective system monitoring software / _cWojciech Kocjan. |
| 246 | 3 | 0 | _aNagios 3.0 |
| 260 |
_aBirmingham, U.K. : _bPackt Pub., _cc2008. |
||
| 300 |
_av, 301 p. : _bill. |
||
| 490 | 1 | _aFrom technologies to solutions | |
| 500 | _aDescription based on print version record. | ||
| 504 | _aIncludes bibliographical references and index. | ||
| 533 |
_aElectronic reproduction. _bPalo Alto, Calif. : _cebrary, _d2011. _nAvailable via World Wide Web. _nAccess may be limited to ebrary affiliated libraries. |
||
| 650 | 0 |
_aComputer networks _xMonitoring. |
|
| 650 | 0 |
_aComputer networks _xManagement _xAutomation. |
|
| 655 | 7 |
_aElectronic books. _2local |
|
| 710 | 2 | _aebrary, Inc. | |
| 830 | 0 | _aFrom technologies to solutions. | |
| 856 | 4 | 0 |
_uhttp://site.ebrary.com/lib/rucke/Doc?id=10448372 _zAn electronic book accessible through the World Wide Web; click to view |
| 999 |
_c137214 _d137214 |
||